000
003260000a22001450004500
003
MACL
040
_a
MACL
090
_c
36618
_d
36616
100
_a
Hilliard, Dr Marion
245
_a
Women and Fatigue
260
_b
Macmillan & co
_c
1960
650
_a
sociology Science
942
_c
BOOK
_k
305.4/Hil
951
_o
305.4/Hil BOOK
999
_c
36223
_d
36223